Marvel Rivals: Scarlet Witch Skins by Picture - Statistics

General Stats
  • This quiz has been taken 11 times
  • The average score is 6 of 11
Answer Stats
Picture Answer % Correct
Doctor Strange in the Multiverse of Madness
100%
The Queen Of The Dead
75%
Chaos Gown
50%
Emporium Matron
50%
Immortal Sovereign
50%
Majestic Mauve
50%
Neon Nimbus
50%
Nyx Weaver
50%
Phoenix Chaos
50%
White Witch
50%
Witch of the Evil Eye
50%
No matching quizzes found
Score Distribution
Percent of People with Each Score
Percentile by Number Answered
Your Score History
You have not taken this quiz